00234nam a2200097 a 450000500170000000800410001705000180005810000160007624500130009226000310010520140414131914.0100915s19uu xx 00 eng d aFICbB62 1974 aBlume, Judy aBlubber. aNew York :bBantam,c1974.